La Globalització neoliberal a Nicaragua : una anàlisi dels seus impactes i implicacions / Javier Calderón Raya una anàlisi dels seus impactes i implicacions / Javier Calderón Raya

por Calderón Raya, Javier

ISBN: 84-609-3796-8
Publicado: Barcelona : Fundació Món-3 , 2004
Descripción Física: 122 p. ; 21 cm

MARC

LEADER 00000nam a2200000Ia 4500
001 21389
008 160829s2004 xx 000 0 cat d
020 |a 84-609-3796-8 
080 |a M-6-189 
100 |a Calderón Raya, Javier  |9 44438 
245 |a La Globalització neoliberal a Nicaragua :  |b  una anàlisi dels seus impactes i implicacions / Javier Calderón Raya 
260 |a Barcelona :  |b Fundació Món-3,  |c 2004 
300 |a 122 p. ;  |c 21 cm 
590 |a Finançat per: Diputació de Barcelona. Gabinet de Relacions Internacionals, etc. 
650 |a Globalització   |9 34541 
650 |a Nicaragua  |9 44439 
710 1 |a Barcelona (Catalunya : Província).  |b Gabinet de Relacions Internacionals  |9 13543 
901 |a Arxiu 
942 |n 1 
952 |0 0  |1 0  |4 0  |6 M6189  |7 1  |9 51944  |a Arxiu  |b Arxiu  |d 2016-12-01  |l 0  |o M-6-189  |p 21389  |r 2016-12-01 00:00:00  |w 2016-12-01  |y ARXIU 
999 |c 55791  |d 55791